<?xml version="1.0" encoding="UTF-8"?>
<record
    xmlns:xsi="http://www.w3.org/2001/XMLSchema-instance"
    xsi:schemaLocation="http://www.loc.gov/MARC21/slim http://www.loc.gov/standards/marcxml/schema/MARC21slim.xsd"
    xmlns="http://www.loc.gov/MARC21/slim">

  <leader>00561nas a2200193 a 4500</leader>
  <controlfield tag="001">000037086</controlfield>
  <controlfield tag="003">DLC</controlfield>
  <controlfield tag="005">20200930080130.0</controlfield>
  <controlfield tag="008">120213c19569999dr fr1pdd     0    0spa d</controlfield>
  <datafield tag="040" ind1=" " ind2=" ">
    <subfield code="a">DO-SdBNP</subfield>
    <subfield code="b">spa</subfield>
  </datafield>
  <datafield tag="043" ind1=" " ind2=" ">
    <subfield code="a">nwdr</subfield>
  </datafield>
  <datafield tag="245" ind1="0" ind2="0">
    <subfield code="a">Bolet&#xED;n de la C&#xE1;mara de Cuentas.</subfield>
  </datafield>
  <datafield tag="260" ind1=" " ind2=" ">
    <subfield code="a">Ciudad Trujillo, Rep&#xFA;blica Dominicana :</subfield>
    <subfield code="b">C&#xE1;mara de Cuentas,</subfield>
    <subfield code="c">1956.</subfield>
  </datafield>
  <datafield tag="300" ind1=" " ind2=" ">
    <subfield code="a">v. ;</subfield>
    <subfield code="c">22 cm.</subfield>
  </datafield>
  <datafield tag="310" ind1=" " ind2=" ">
    <subfield code="a">Enero-Junio</subfield>
    <subfield code="b">1956</subfield>
  </datafield>
  <datafield tag="362" ind1=" " ind2=" ">
    <subfield code="a">1956</subfield>
  </datafield>
  <datafield tag="650" ind1=" " ind2="4">
    <subfield code="a">Administraci&#xF3;n p&#xFA;blica</subfield>
    <subfield code="z">Rep&#xFA;blica Dominicana</subfield>
    <subfield code="9">3011</subfield>
  </datafield>
  <datafield tag="651" ind1=" " ind2="4">
    <subfield code="a">Rep&#xFA;blica Dominicana</subfield>
    <subfield code="9">10483</subfield>
  </datafield>
  <datafield tag="952" ind1=" " ind2=" ">
    <subfield code="0">0</subfield>
    <subfield code="1">0</subfield>
    <subfield code="3">Pr&#xE9;stamo en sala</subfield>
    <subfield code="5">6</subfield>
    <subfield code="7">0</subfield>
    <subfield code="8">SE</subfield>
    <subfield code="a">PD</subfield>
    <subfield code="b">PD</subfield>
    <subfield code="c">RE</subfield>
    <subfield code="d">2012-04-17</subfield>
    <subfield code="e">4</subfield>
    <subfield code="h">A&#xF1;o 12; no. 43 ; (1956)</subfield>
    <subfield code="i">2012041720120417</subfield>
    <subfield code="l">0</subfield>
    <subfield code="o">no. 43</subfield>
    <subfield code="p">37086-12-43-1</subfield>
    <subfield code="r">2020-08-08</subfield>
    <subfield code="w">2020-08-08</subfield>
    <subfield code="y">ISSUE</subfield>
    <subfield code="z">Perteneci&#xF3; a la biblioteca personal de Carlos Larraz&#xE1;bal Blanco</subfield>
  </datafield>
  <datafield tag="952" ind1=" " ind2=" ">
    <subfield code="0">0</subfield>
    <subfield code="1">0</subfield>
    <subfield code="3">Pr&#xE9;stamo en sala</subfield>
    <subfield code="5">6</subfield>
    <subfield code="7">0</subfield>
    <subfield code="8">SE</subfield>
    <subfield code="a">PD</subfield>
    <subfield code="b">PD</subfield>
    <subfield code="c">RE</subfield>
    <subfield code="d">2012-04-17</subfield>
    <subfield code="e">4</subfield>
    <subfield code="h">A&#xF1;o 11; no. 40 ; (junio 1956)</subfield>
    <subfield code="i">2012041720120417</subfield>
    <subfield code="l">0</subfield>
    <subfield code="o">no. 40</subfield>
    <subfield code="p">37086-2-40-1</subfield>
    <subfield code="r">2020-08-08</subfield>
    <subfield code="w">2020-08-08</subfield>
    <subfield code="y">ISSUE</subfield>
    <subfield code="z">Perteneci&#xF3; a la biblioteca personal de Carlos Larraz&#xE1;bal Blanco</subfield>
  </datafield>
  <datafield tag="952" ind1=" " ind2=" ">
    <subfield code="0">0</subfield>
    <subfield code="1">0</subfield>
    <subfield code="3">Pr&#xE9;stamo en sala</subfield>
    <subfield code="5">6</subfield>
    <subfield code="7">0</subfield>
    <subfield code="8">SE</subfield>
    <subfield code="a">PD</subfield>
    <subfield code="b">PD</subfield>
    <subfield code="c">RE</subfield>
    <subfield code="d">2012-04-17</subfield>
    <subfield code="e">4</subfield>
    <subfield code="h">A&#xF1;o 13; no. 44 ; (junio 1959)</subfield>
    <subfield code="i">2012041720120417</subfield>
    <subfield code="l">0</subfield>
    <subfield code="o">no. 44</subfield>
    <subfield code="p">37086-44-13-1</subfield>
    <subfield code="r">2020-08-08</subfield>
    <subfield code="w">2020-08-08</subfield>
    <subfield code="y">ISSUE</subfield>
    <subfield code="z">Perteneci&#xF3; a la biblioteca personal de Carlos Larraz&#xE1;bal Blanco</subfield>
  </datafield>
  <datafield tag="999" ind1=" " ind2=" ">
    <subfield code="c">36576</subfield>
    <subfield code="d">36576</subfield>
  </datafield>
</record>
